| 000 | 01813nam a2200301 4500 | ||
|---|---|---|---|
| 003 | NALT | ||
| 005 | 20260203120708.0 | ||
| 008 | 251027b th ||||| |||| 00| 0 tha d | ||
| 020 | _a9786164880559 | ||
| 040 | _aNALT | ||
| 050 |
_aLA 2383.T52 _bอ785ห 2562 |
||
| 110 | 2 |
_aมหาวิทยาลัยธรรมศาสตร์. _bคณะนิติศาสตร์ _927862 |
|
| 245 | 1 | 0 |
_a60 ปี อุดม รัฐอมฤต ชีวิตและมิตรภาพบนเส้นทางวิชาการ / _cคณะนิติศาสตร์ มหาวิทยาลัยธรรมศาสตร์. |
| 260 |
_aกรุงเทพฯ : _bคณะนิติศาสตร์ มหาวิทยาลัยธรรมศาสตร์. _c2562. |
||
| 300 |
_a579 หน้า : _bภาพประกอบ, ตาราง ; _c25 ซม. |
||
| 505 | 2 | _aสารอธิการบดี -- สารคณบดี -- บทบรรณาธิการ -- ประวัติ -- ภาพชีวิตและมิตรภาพ -- บทรำลึก -- บทความวิชาการ. | |
| 600 | 0 | 4 |
_aอุดม รัฐอมฤต _xชีวประวัติ _966840 |
| 650 | 4 |
_aอาจารย์มหาวิทยาลัย _949048 |
|
| 650 | 0 |
_aคณบดี _966843 |
|
| 650 | 4 |
_aกฎหมาย _zไทย _94701 |
|
| 653 | 4 | _aคณบดี (การศึกษา) -- ไทย -- ชีวประวัติ | |
| 942 |
_2lcc _cGB |
||
| 996 |
_ajidapa.t _bACQSTF _c2025-10-27 |
||
| 996 |
_avaree.k _bLIBSTF _c2025-10-28 |
||
| 996 |
_asaiphon.d _bCATSTF _c2025-10-31 |
||
| 999 |
_c107399 _d107399 |
||
| 998 |
_j111 _k นางสาวพจพิณ พรมเอี่ยม |
||